| 000 | 00818nam a2200241 a 4500 | ||
|---|---|---|---|
| 001 | BRCA_3760 | ||
| 005 | 20190320204420.0 | ||
| 008 | 061009s1997----mx-a---###---#000-0#spa-# | ||
| 041 | _aspa | ||
| 044 | _amx | ||
| 050 | 4 |
_aTA217 _b.N48 1997 |
|
| 100 | 1 |
_aNet, Elizabeth _d1947- _99804 |
|
| 245 | 1 | 0 |
_aICA construcción urbana _b4 grabados del Centro Histórico de la Ciudad de México _cElizabeth Net. |
| 260 |
_aMéxico _bICA _c1997 |
||
| 300 |
_a1 v. (sin paginación) _bil., 4 láminas _c43 cm. |
||
| 500 | _aColección Sonia Corcuera de Mancera | ||
| 500 | _aPor su formato NO se presta a domicilio | ||
| 610 | 2 | 4 |
_aIngenieros Civiles Asociados (firma comercial) _xHistoria _99805 |
| 651 | 4 |
_aCiudad de México _xEdificios _99806 |
|
| 651 | 4 |
_aCiudad de México _xHistoria _9691 |
|
| 902 | _aDSC | ||
| 942 |
_2lcc _cB |
||
| 999 |
_c3489 _d3489 |
||